000 00576nam a2200241 a 4500
001 nice12345678
003 IN_TiNIC
005 20260116011806.0
008 050524s0000 lona grp 000 0 eng
020 _a
_c100
082 0 0 _a269.2
_bZWE5
100 _aZwemer, Samuel M
245 _aCall to Prayer
260 _aLondon
_bMarshal Brothers
_c0000
300 _a76p
500 _aincludes index and biblioraphy
505 2 _aBibliography, Notes
650 _aEvangelistic Work
700 1 _aZwemer, Samuel M
902 _bSRS
942 _cBK
999 _c3995
_d3995